000 01703cam a22004694i 4500
003 PE-LiUPU
005 20250731173111.0
008 181226s2018 arua r 000 0 eng d
020 _a1683441141
020 _a9781683441144
035 _a(Sirsi) a251145
040 _aPE-LiUPU
_bspa
_cPE-LiUPU
_erda
049 _aPRUA
082 0 4 _a269.2
_bH19
_223
100 1 _aHam, Ken,
_eautor.
245 1 0 _aGospel reset : salvation made relevant /
_cKen Ham.
264 1 _aGreen Forest :
_bMaster Books,
_c[2018].
300 _a125 páginas :
_bilustraciones ;
_c19 centímetros
336 _atext
_2rdacontent
337 _aunmediated
_2rdamedia
338 _avolume
_2rdacarrier
505 0 _aMillennial " lingo" -- Millennials and the Church -- Why is this Happening? -- Building a Proper/Solid Foundation -- Peter's Sermon -- An Acts 2-Type Culture -- Paul's Sermon / A Christian on "Mars" -- An Acts 17-Type Culture -- What Caused the Great Divide? -- Where Did the Church Go Wrong?.
526 _aSEG42
526 _aSEG41
526 _aSEG40
526 _aSEG39
526 _aP94
526 _aP87
526 _aP86
526 _aP85
526 _aP77
526 _aP76
526 _aP35
650 4 _aEl cristianismo y la cultura.
650 4 _aObra evangelistica.
910 _adbm
_brri
_crri
_d20181226
942 _2ddc
_cBOOK
994 _aC0
_bPEPRU
596 _a1
999 _a269.2 H19
_wDEWEY
_c30592
_i79386
_f2021-11-10
_g4
_lCCODEBUL1
_mBUL
_p10.00
_r0
_sY
_tBOOK
_u2018-12-26
_xTEOLOGIA
_PP85
_0DONACION
_1FCOMPR2
_o.STAFF. Colección Teología
_d30592
980 _81
_gALBERTO SANCHEZ Responsable de Automatización